| 000 | 00687nam a22002297a 4500 | ||
|---|---|---|---|
| 005 | 20170124110036.0 | ||
| 010 | _aA-770263 | ||
| 020 |
_c00.00 _a8185086559 |
||
| 035 | _aA-770263 | ||
| 037 | _bCen Lib/Ret | ||
| 040 |
_aDPL _bEN |
||
| 082 |
_a511.8 _bMET |
||
| 100 |
_aMetwally, M. M. _922698 |
||
| 245 |
_aMathematical macroeconomic models / _cby M. M. Metwally |
||
| 260 |
_aCalcutta _bAcademic Publisher _c1995 |
||
| 270 | _bCalcutta | ||
| 300 |
_a275p. _c20cm(Hb) |
||
| 500 | _aIncludes bibliographical references and index | ||
| 650 |
_aMacroeconomics _922699 |
||
| 650 |
_aMacroeconomics -- Mathematical models _98959 |
||
| 942 |
_2ddc _cEN _h511.8 _mMET |
||
| 999 |
_c128206 _d128206 |
||